Aplikácia finančnej analýzy využitím neurónových sietí

Finančná analýza a štúdium finančných trhov. Použitie metód neurónových sietí predstavujúcich aproximátor zložitých a nelineárnych vzájomných vzťahov. Budúca výkonnosť aktív s použitím rôznych dát z makroekonomického prostredia a finančnej analýzy podniku.

Guardado en:
Detalles Bibliográficos
Autor principal: Kardoš, Jaroslav
Formato: Capítulo de libro
Lenguaje:eslovaco
Materias:
Etiquetas: Agregar Etiqueta
Sin Etiquetas, Sea el primero en etiquetar este registro!

MARC

LEADER 00000nla$a2200000$$$4500
001 0105538
005 20221128083442.7
041 0 |a slo 
044 |a SK 
245 1 0 |a Aplikácia finančnej analýzy využitím neurónových sietí  |c Jaroslav Kardoš 
520 |a Finančná analýza a štúdium finančných trhov. Použitie metód neurónových sietí predstavujúcich aproximátor zložitých a nelineárnych vzájomných vzťahov. Budúca výkonnosť aktív s použitím rôznych dát z makroekonomického prostredia a finančnej analýzy podniku. 
610 2 0 |a analýza finančná 
610 2 0 |a výskum 
610 2 0 |a siete neurónové 
610 2 0 |a trh finančný 
610 2 0 |a makroekonomika 
610 2 0 |a nástroje investičné 
100 1 |a Kardoš, Jaroslav